[Event "First Saturday GM - Febbraio 2008"]
[Site "Budapest UNG"]
[Date "2008.02.14"]
[Round "13"]
[White "Bui, Vinh"]
[Black "Leviczki, Tibor"]
[Result "1/2-1/2"]
[WhiteElo "2482"]
[BlackElo "2396"]
[PlyCount "74"]
[EventDate "2008.02.02"]
[Source "www.chesslib.no"]
[SourceDate "2004.05.04"]

1. d4 c5 2. d5 Nf6 3. Nc3 g6 4. e4 d6 5. Be2 Bg7 6. Nf3 O-O 7. O-O e6 8. dxe6 Bxe6 9. Ng5 Nc6 10. Bf4 d5 11. exd5 Nxd5 12. Nxd5 Qxd5 13. c3 Rfd8 14. Nxe6 Qxe6 15. Qc2 Be5 16. Be3 Rac8 17. Qb3 Qe7 18. Rae1 Qc7 19. f4 Bd6 20. Kh1 Na5 21. Qc2 Re8 22. Bd2 Re7 23. g3 Rce8 24. Bb5 Rxe1 25. Rxe1 Rxe1+ 26. Bxe1 Qe7 27. Qe2 Qxe2 28. Bxe2 Nc6 29. Bf3 Nd8 30. Kg2 Kf8 31. Kf2 b6 32. Ke3 Ne6 33. Kd3 Nc7 34. Kc4 Ke7 35. Bc6 f5 36. a4 Ke6 37. Kd3 h5 1/2-1/2

[Event "Kavala"]
[Site "?"]
[Date "2006.07.05"]
[Round "2"]
[White "Stojanovic Mihajlo"]
[Black "Mastrokoukos Georgios"]
[Result "1/2-1/2"]
[WhiteElo "2549"]
[BlackElo "2324"]
[PlyCount "76"]
[EventDate "2006.??.??"]
[Source "www.chesslib.no"]
[SourceDate "2004.05.04"]

1. d4 c5 2. d5 Nf6 3. Nc3 g6 4. e4 d6 5. Nf3 Bg4 6. Be2 Bxf3 7. gxf3 Bg7 8. h4 Na6 9. Bg5 Nc7 10. Qd3 Nh5 11. O-O-O Rb8 12. Rdg1 b5 13. Nd1 b4 14. f4 f6 15. Bxh5 gxh5 16. Qf3 fxg5 17. Rxg5 Bf6 18. Rxh5 Bd4 19. Rg1 Nb5 20. e5 Qa5 21. Rxh7 Rxh7 22. Rg8+ Kd7 23. Rxb8 Kc7 24. Qg4 Kxb8 25. Qg8+ Kb7 26. Qxh7 Qxa2 27. Qxe7+ Ka6 28. exd6 Bc3 29. bxc3 bxc3 30. Nxc3 Qa3+ 31. Kd1 Qa1+ 32. Ke2 Qxc3 33. d7 Nd4+ 34. Kf1 Qh3+ 35. Ke1 Qc3+ 36. Kf1 Qh3+ 37. Ke1 Qc3+ 38. Kf1 Qh3+ 1/2-1/2

[Event "Campionato europeo 2007"]
[Site "Dresda GER"]
[Date "2007.04.11"]
[Round "8.114"]
[White "Nechepurenko, Roman"]
[Black "Zherebukh, Yaroslav"]
[Result "1-0"]
[WhiteElo "2501"]
[BlackElo "2365"]
[PlyCount "175"]
[EventDate "2007.04.03"]
[Source "www.chesslib.no"]
[SourceDate "2004.05.04"]

1. d4 c5 2. d5 Nf6 3. Nc3 d6 4. e4 e6 5. Bb5+ Nbd7 6. dxe6 fxe6 7. e5 dxe5 8. Nf3 a6 9. Bxd7+ Qxd7 10. Qe2 b5 11. Nxe5 Qc7 12. Bf4 Bd6 13. O-O-O O-O 14. Rxd6 Qxd6 15. Ng6 Qd4 16. Be3 Qg4 17. Nxf8 Qxe2 18. Nxe2 Kxf8 19. Bxc5+ Kf7 20. Bd4 Nd5 21. c3 Bb7 22. Kd2 Rd8 23. f4 Ne7 24. Rg1 g5 25. g3 g4 26. Nc1 Nf5 27. Nd3 h5 28. Nc5 Bf3 29. Kd3 a5 30. a4 bxa4 31. Nxa4 Bc6 32. Ra1 Bb5+ 33. Kc2 Nxd4+ 34. cxd4 Rxd4 35. Nc3 Bd3+ 36. Kc1 Bf5 37. Rxa5 h4 38. Ne2 Rc4+ 39. Nc3 Rd4 40. Ra3 Kf6 41. Nd1 Rc4+ 42. Rc3 Ra4 43. Kd2 Rb4 44. b3 hxg3 45. hxg3 e5 46. Rc6+ Be6 47. Ne3 Rxb3 48. f5 Rxe3 49. Kxe3 Kxf5 50. Rd6 Bc8 51. Rd8 Bb7 52. Rf8+ Ke6 53. Re8+ Kf5 54. Kd3 Ba6+ 55. Ke3 Bb7 56. Rb8 Bf3 57. Kd3 e4+ 58. Ke3 Ke5 59. Re8+ Kf5 60. Ra8 Ke5 61. Ra5+ Ke6 62. Kf4 Kf7 63. Kf5 e3 64. Re5 e2 65. Kg5 Kg7 66. Re7+ Kf8 67. Kf6 Kg8 68. Kg6 Kf8 69. Re5 Bg2 70. Rxe2 Bf3 71. Re3 Bd1 72. Rc3 Bf3 73. Rc8+ Ke7 74. Kg7 Ke6 75. Rf8 Ke5 76. Rf4 Bd1 77. Kh6 Bf3 78. Kg5 Ke6 79. Rxg4 Bxg4 80. Kxg4 Kf6 81. Kh5 Kg7 82. Kg5 Kh7 83. Kf6 Kh6 84. g4 Kh7 85. g5 Kg8 86. Kg6 Kf8 87. Kh7 Kf7 88. g6+ 1-0

[Event "Dnepropetrovsk (Ukraine)"]
[Site "?"]
[Date "2004.02.??"]
[Round "7"]
[White "Korobkov Piotr"]
[Black "Kryvoruchko Yuriy"]
[Result "1-0"]
[WhiteElo "2400"]
[BlackElo "2465"]
[PlyCount "53"]
[EventDate "2004.??.??"]
[Source "www.chesslib.no"]
[SourceDate "2004.05.04"]

1. d4 c5 2. d5 Nf6 3. Nc3 d6 4. e4 g6 5. f4 Bg7 6. Bb5+ Nfd7 7. a4 O-O 8. Nf3 Na6 9. O-O Nc7 10. Bd3 e6 11. f5 Ne5 12. Nxe5 Bxe5 13. Qg4 Kh8 14. dxe6 fxe6 15. Bg5 Qe8 16. fxg6 Rxf1+ 17. Rxf1 Qxg6 18. Qh4 Ne8 19. Rf8+ Kg7 20. Bh6+ Qxh6 21. Qe7+ Kg6 22. Qxe8+ Kg5 23. Qe7+ Bf6 24. Rg8+ Kf4 25. Qxd6+ Ke3 26. Rg3+ Kd2 27. e5 1-0

[Event "SUI-chT"]
[Site "SUI"]
[Date "2003.04.13"]
[Round "3.2"]
[White "Begovac, Franja"]
[Black "Nemet, Ivan"]
[Result "0-1"]
[WhiteElo "2422"]
[BlackElo "2438"]
[PlyCount "76"]
[EventDate "2003.03.23"]
[Source "Roberto Alvarez"]
[SourceDate "2003.04.28"]

1. d4 c5 2. d5 Nf6 3. Nc3 g6 4. e4 d6 5. Bb5+ Nbd7 6. a4 Bg7 7. Nf3 O-O 8. O-O a6 9. Be2 b6 10. h3 Rb8 11. Re1 Ne8 12. Bg5 h6 13. Bf4 Nc7 14. Qd2 Kh7 15. Bf1 b5 16. a5 Bb7 17. Nh2 Ne5 18. Ng4 Nxg4 19. hxg4 Qd7 20. Be2 Rbd8 21. Nd1 e6 22. c4 bxc4 23. Nc3 exd5 24. exd5 f5 25. g5 Bxc3 26. bxc3 Nxd5 27. gxh6 Nxf4 28. Qxf4 d5 29. Bf3 Rf7 30. Rab1 Qc7 31. Qg5 Rd6 32. Re8 Bc6 33. Ree1 Rd8 34. Qh4 Rb8 35. Rb6 Bb5 36. Ree6 d4 37. cxd4 cxd4 38. Rxg6 c3 0-1

[Event "FRA-chT 9900"]
[Site "?"]
[Date "2000.04.01"]
[Round "6.4"]
[White "Hebden Mark"]
[Black "Adrian Claude"]
[Result "1-0"]
[WhiteElo "2493"]
[BlackElo "2360"]
[PlyCount "91"]
[EventDate "2000.??.??"]
[Source "www.chesslib.no"]
[SourceDate "2004.05.04"]

1. d4 c5 2. d5 Nf6 3. Nc3 g6 4. e4 d6 5. Nf3 Bg7 6. Be2 O-O 7. O-O Na6 8. Nd2 Nc7 9. a4 b6 10. Nc4 Ba6 11. Re1 Bxc4 12. Bxc4 e6 13. dxe6 Nxe6 14. Nb5 Nd4 15. c3 Nxb5 16. axb5 Re8 17. Bg5 Qc7 18. Qf3 Qe7 19. Re3 h6 20. Bxf6 Bxf6 21. Bd5 Rac8 22. Qg4 Kg7 23. f4 Rc7 24. Rf1 Qd8 25. Rg3 Qc8 26. Qh5 Kh7 27. Qd1 Rce7 28. Qd3 Rd8 29. Qc4 Qc7 30. Rd3 Kg7 31. g3 Rde8 32. Rfd1 Rd8 33. Bc6 Re6 34. e5 dxe5 35. Rxd8 Bxd8 36. Rd7 Re7 37. Rxc7 Bxc7 38. f5 gxf5 39. Qh4 Re6 40. Qh5 f4 41. Bd5 Re7 42. Qg4+ Kf8 43. Qh4 fxg3 44. Qxh6+ Kg8 45. Be4 gxh2+ 46. Kh1 1-0

[Event "Capablanca mem-B"]
[Site "Cuba"]
[Date "1993.??.??"]
[Round "2"]
[White "Alvarez Ibarra, Rafael"]
[Black "Gonzalez, Bernal M"]
[Result "1/2-1/2"]
[WhiteElo "2420"]
[BlackElo "2430"]
[PlyCount "91"]
[EventDate "1993.??.??"]
[Source "ChessBase"]

1. d4 c5 2. d5 Nf6 3. Nc3 d6 4. e4 g6 5. Bb5+ Bd7 6. a4 Bg7 7. Nf3 O-O 8. O-O Na6 9. Re1 Nc7 10. Bf1 a6 11. Bf4 b5 12. e5 dxe5 13. Bxe5 b4 14. Ne4 Nxe4 15. Rxe4 Bf5 16. Re2 Bxe5 17. Rxe5 f6 18. Re1 Nxd5 19. Bc4 e6 20. Nh4 Nb6 21. Nxf5 Nxc4 22. Qe2 Ne5 23. Rad1 Qc7 24. Nh6+ Kg7 25. Ng4 Rfd8 26. Nxe5 Qxe5 27. Qxe5 fxe5 28. Kf1 Kf6 29. Rd3 Rxd3 30. cxd3 Rd8 31. Ke2 Rd4 32. Rc1 b3 33. a5 Ra4 34. Rxc5 Ra2 35. Ke3 Rxb2 36. Rc6 Rb1 37. Rb6 b2 38. Ke2 Kf5 39. Rb7 h5 40. h4 Rg1 41. Rxb2 Rxg2 42. Rb6 Rg4 43. Rxa6 Rxh4 44. Ra8 Ra4 45. a6 Kg5 46. a7 1/2-1/2

[Event "Cappelle Open"]
[Site "Cappelle la Grande FRA"]
[Date "1993.??.??"]
[Round "7"]
[White "Whiteley, Andrew J"]
[Black "Kuzmin, Gennadi P"]
[Result "1/2-1/2"]
[WhiteElo "2325"]
[BlackElo "2525"]
[PlyCount "131"]
[EventDate "1993.02.??"]
[Source "www.chesslib.no"]
[SourceDate "2004.05.04"]

1. d4 c5 2. d5 Nf6 3. Nc3 d6 4. e4 g6 5. Be2 Bg7 6. Nf3 O-O 7. O-O Bg4 8. Nd2 Bxe2 9. Qxe2 Na6 10. Nc4 Nc7 11. a4 e6 12. Nxd6 Qxd6 13. e5 Qd7 14. exf6 Bxf6 15. dxe6 Nxe6 16. Ne4 Bg7 17. c3 Rfe8 18. Bh6 Qc6 19. Bxg7 Kxg7 20. Qf3 f5 21. Nd2 Qxf3 22. Nxf3 Nf4 23. Rad1 Rad8 24. Rxd8 Rxd8 25. g3 Ne6 26. Re1 Kf6 27. Ne5 Ng5 28. Kg2 Ne4 29. Nc4 Rd5 30. Kf3 Nd2+ 31. Nxd2 Rxd2 32. Re2 Rd8 33. h4 c4 34. Re3 h6 35. Ke2 g5 36. hxg5+ hxg5 37. g4 f4 38. Re4 Rc8 39. Rd4 Rc6 40. Kf3 a6 41. Rd5 Rb6 42. Rd4 Rxb2 43. Rxc4 Rb3 44. Ke4 Ke6 45. Rc5 Ra3 46. Rc4 Ra2 47. Rb4 Re2+ 48. Kf3 Rc2 49. Rxb7 Rxc3+ 50. Ke2 Kd5 51. Ra7 Ke4 52. Re7+ Kd4 53. Rd7+ Kc4 54. Ra7 f3+ 55. Kd2 Rd3+ 56. Ke1 Rd6 57. Rf7 Rd4 58. Rxf3 Re4+ 59. Kd2 Rd4+ 60. Ke3 Rxg4 61. Rf6 a5 62. Rb6 Kc3 63. Rb5 Rxa4 64. Rxg5 Ra1 65. Rc5+ Kb4 66. Rc8 1/2-1/2

[Event "Niksic"]
[Site "Niksic YUG"]
[Date "1994.??.??"]
[Round "?"]
[White "Stefanova, Antoaneta"]
[Black "Velimirovic, Dragoljub"]
[Result "0-1"]
[WhiteElo "2360"]
[BlackElo "2490"]
[PlyCount "52"]
[EventDate "1994.??.??"]
[Source "www.chesslib.no"]
[SourceDate "2004.05.04"]

1. d4 c5 2. d5 Nf6 3. Nf3 g6 4. Nc3 Bg7 5. e4 d6 6. a4 O-O 7. Be2 Na6 8. O-O Nc7 9. h3 a6 10. Bf4 b6 11. Re1 Bb7 12. Bc4 Qd7 13. e5 Nh5 14. Bh2 b5 15. axb5 axb5 16. Rxa8 Bxa8 17. Ba2 f5 18. Ng5 c4 19. exd6 exd6 20. Ne6 Nxe6 21. Rxe6 f4 22. Qg4 Rf5 23. Qe2 Be5 24. g4 fxg3 25. Bxg3 Nxg3 26. fxg3 Bxd5 0-1

[Event "Balaguer"]
[Site "?"]
[Date "2006.07.21"]
[Round "5"]
[White "Sundararajan Kidambi"]
[Black "Van Riemsdijk Herman Claudius"]
[Result "0-1"]
[WhiteElo "2472"]
[BlackElo "2376"]
[PlyCount "210"]
[EventDate "2006.??.??"]
[Source "www.chesslib.no"]
[SourceDate "2004.05.04"]

1. d4 c5 2. d5 Nf6 3. Nf3 b5 4. Bg5 Qb6 5. Bxf6 Qxf6 6. c3 Bb7 7. e4 Qg6 8. Nbd2 e6 9. Bxb5 exd5 10. exd5 Bxd5 11. O-O Be7 12. Re1 Be6 13. Ne5 Qf6 14. Nxd7 Nxd7 15. Ne4 Qf4 16. Bxd7+ Bxd7 17. g3 Qb8 18. Nxc5 Bc6 19. Qd4 Qc7 20. Qxg7 O-O-O 21. Qg4+ Bd7 22. Nxd7 Qxd7 23. Qc4+ Kb8 24. Re5 Rc8 25. Qb3+ Ka8 26. Qxf7 Rc7 27. Rae1 Bd8 28. Qh5 Rf8 29. Rd5 Qc6 30. Rf5 Rxf5 31. Qxf5 Rd7 32. Qe4 Qxe4 33. Rxe4 Rd2 34. Re8 Kb7 35. b4 Bf6 36. Kf1 Rxa2 37. c4 Ra4 38. Rf8 Be5 39. Rf7+ Bc7 40. b5 Rxc4 41. Rxh7 Rc5 42. h4 Rxb5 43. g4 a5 44. g5 a4 45. g6 a3 46. g7 a2 47. g8=Q a1=Q+ 48. Kg2 Qc1 49. Qe8 Rb4 50. Qe6 Qf4 51. Qh3 Qe5 52. Qf3+ Kb6 53. Rh6+ Bd6 54. Qe3+ Qxe3 55. fxe3 Kc6 56. Kf3 Kd5 57. Rh5+ Be5 58. Rh7 Rb1 59. Rd7+ Ke6 60. Rh7 Bf6 61. Rh6 Rf1+ 62. Ke4 Kf7 63. h5 Rh1 64. Rh7+ Ke6 65. Rh6 Rh4+ 66. Kf3 Kf5 67. e4+ Ke5 68. Rh7 Rf4+ 69. Ke3 Rxe4+ 70. Kd3 Rh4 71. h6 Kf5 72. Rb7 Rxh6 73. Rb5+ Be5 74. Rb3 Kf4 75. Rb4+ Kf3 76. Rb5 Rd6+ 77. Kc4 Ke4 78. Rc5 Rd1 79. Rc6 Bd6 80. Ra6 Rc1+ 81. Kb5 Be5 82. Kb4 Kd4 83. Rh6 Rb1+ 84. Ka3 Kd5 85. Rh5 Rb8 86. Ka4 Rb2 87. Ka5 Rb1 88. Rg5 Kd4 89. Ka6 Bd6 90. Rb5 Rh1 91. Kb6 Rh6 92. Kc6 Bc5+ 93. Kd7 Kd5 94. Rb7 Rh8 95. Kc7 Re8 96. Kd7 Re1 97. Kc7 Ra1 98. Kd7 Ra4 99. Kc7 Bf8 100. Kb6 Ra1 101. Kc7 Bd6+ 102. Kd7 Ra5 103. Ke8 Kc6 104. Rb1 Rf5 105. Rc1+ Bc5 0-1

[Event "TCh-ROU Superliga"]
[Site "Predeal ROU"]
[Date "2007.10.16"]
[Round "4"]
[White "Cosma, I."]
[Black "Valeanu, E."]
[Result "1-0"]
[WhiteElo "2467"]
[BlackElo "2379"]
[PlyCount "139"]
[EventDate "2007.10.13"]
[Source "www.chesslib.no"]
[SourceDate "2004.05.04"]

1. d4 c5 2. d5 Nf6 3. Nc3 g6 4. Nf3 Bg7 5. e4 d6 6. Be2 O-O 7. O-O Na6 8. Re1 Nc7 9. h3 a6 10. a4 b6 11. Bf4 Bb7 12. Bc4 Re8 13. Qd3 Nd7 14. Rad1 b5 15. axb5 Bxc3 16. Qxc3 axb5 17. Bf1 b4 18. Qd2 Ba6 19. Bxa6 Rxa6 20. Bg3 f6 21. Qh6 e5 22. dxe6 Rxe6 23. Nd2 Qf8 24. Qh4 Ne5 25. Bxe5 fxe5 26. Qg3 Rf6 27. Ra1 Qa8 28. Qb3+ Kg7 29. Rxa6 Qxa6 30. Qc4 Qxc4 31. Nxc4 Nb5 32. f3 Nd4 33. Ne3 Rf7 34. Ra1 Kf6 35. Kf2 Ke6 36. Ra6 Rb7 37. h4 Kd7 38. Nc4 Nb5 39. Kg3 Ke7 40. Kg4 Rd7 41. Ne3 Nd4 42. Kg5 Ne6+ 43. Kh6 Nd8 44. Kg5 Ne6+ 45. Kg4 h5+ 46. Kg3 Nd4 47. Kf2 Rb7 48. Ra8 Nb5 49. Nd5+ Kf7 50. Rd8 Ra7 51. Ne3 b3 52. cxb3 Ke7 53. Rb8 Nd4 54. b4 cxb4 55. Rxb4 Ke6 56. Rb6 Rc7 57. Rb8 Rc1 58. Rb7 Rb1 59. Nd5 Nc6 60. Kg3 Rd1 61. Rc7 Rxd5 62. exd5+ Kxd5 63. Rg7 Nd4 64. Rxg6 Nf5+ 65. Kh3 Kc5 66. g4 hxg4+ 67. fxg4 Nd4 68. h5 e4 69. h6 e3 70. Kg2 1-0

[Event "Ch (Men) Vilnius LTU"]
[Site "?"]
[Date "2006.03.26"]
[Round "11"]
[White "Butnorius Algimantas"]
[Black "Sarakauskas Gediminas"]
[Result "1-0"]
[WhiteElo "2392"]
[BlackElo "2453"]
[PlyCount "69"]
[EventDate "2006.??.??"]
[Source "www.chesslib.no"]
[SourceDate "2004.05.04"]

1. d4 c5 2. d5 Nf6 3. Nc3 d6 4. e4 g6 5. Nf3 Bg7 6. Be2 O-O 7. O-O Na6 8. Re1 Nc7 9. h3 a6 10. a4 Bd7 11. e5 dxe5 12. Nxe5 Nfxd5 13. Nxd5 Bxe5 14. Nb6 Bd6 15. Nxa8 Qxa8 16. Bf3 Ne6 17. c3 Qc8 18. Bh6 Rd8 19. Qb3 b5 20. axb5 axb5 21. Ra8 Bb8 22. Rd1 Nc7 23. Raa1 Ne8 24. Qd5 Bd6 25. Ra8 Qxa8 26. Qxa8 Rxa8 27. Bxa8 Nc7 28. Bb7 Ne6 29. Ra1 f6 30. Ra8+ Kf7 31. Bd5 g5 32. Rd8 Bc6 33. Rxd6 exd6 34. Bxc6 Kg6 35. Bd7 1-0

[Event "45 Open"]
[Site "?"]
[Date "2003.09.02"]
[Round "3"]
[White "Miladinovic Igor"]
[Black "Luciani Carlo"]
[Result "1-0"]
[WhiteElo "2609"]
[BlackElo "2233"]
[PlyCount "61"]
[EventDate "2003.??.??"]
[Source "www.chesslib.no"]
[SourceDate "2004.05.04"]

1. d4 c5 2. d5 Nf6 3. Nc3 d6 4. e4 g6 5. Bb5+ Bd7 6. a4 Bg7 7. Nf3 O-O 8. h3 Na6 9. O-O Nc7 10. Bd3 a6 11. a5 Bb5 12. Re1 Nd7 13. Na4 Bxd3 14. Qxd3 Nb5 15. Bg5 Re8 16. c4 Nd4 17. Nxd4 Bxd4 18. Bd2 e5 19. Rab1 Qh4 20. Re2 f5 21. exf5 e4 22. Qb3 gxf5 23. Nb6 Ne5 24. Nxa8 Nf3+ 25. Kh1 Rxa8 26. Bf4 Qxf4 27. gxf3 Kh8 28. fxe4 Re8 29. Qg3 Qh6 30. f4 Rg8 31. Qf3 1-0

[Event "Open"]
[Site "?"]
[Date "1997.08.06"]
[Round "2"]
[White "Goldenberg Danny"]
[Black "Vera Reynaldo"]
[Result "1/2-1/2"]
[WhiteElo "2310"]
[BlackElo "2530"]
[PlyCount "193"]
[EventDate "1997.??.??"]
[Source "www.chesslib.no"]
[SourceDate "2004.05.04"]

1. d4 c5 2. d5 Nf6 3. Nc3 g6 4. e4 d6 5. Nf3 Bg7 6. Be2 O-O 7. O-O Na6 8. Nd2 Nc7 9. a4 b6 10. f4 e6 11. Nc4 exd5 12. exd5 Re8 13. Ne3 Bb7 14. a5 bxa5 15. Bf3 Rb8 16. Nc4 Nfxd5 17. Nxd5 Nxd5 18. Nxa5 Ba8 19. Kh1 Ne7 20. Bxa8 Rxa8 21. Nc4 d5 22. Ne3 d4 23. Nc4 Qd5 24. b3 Nf5 25. Ra5 Re6 26. Ba3 Bf8 27. Qf3 Qxf3 28. gxf3 Re2 29. Bxc5 Bxc5 30. Rxc5 Rxc2 31. b4 Rxc4 32. Rxc4 Ne3 33. Rcc1 d3 34. Rf2 Rd8 35. Rd2 Rd4 36. b5 Nc4 37. Rxc4 Rxc4 38. Rxd3 Rxf4 39. Ra3 Rf5 40. Kg2 Rxb5 41. Rxa7 Rb4 42. Kg3 g5 43. Ra5 h6 44. Ra6 Kg7 45. Kg2 f6 46. Kg3 Kg6 47. Rc6 h5 48. Rc5 Rb3 49. h3 h4+ 50. Kg2 Rb2+ 51. Kg1 Rb4 52. Ra5 Rf4 53. Kg2 Rf5 54. Ra4 Kh5 55. Ra6 Rf4 56. Rb6 Kg6 57. Rb5 Rd4 58. Ra5 Kf7 59. Ra6 Ke7 60. Rb6 Rd6 61. Rb4 Rd2+ 62. Kg1 Rd3 63. Kg2 Ke6 64. f4 Rg3+ 65. Kh2 Kf5 66. fxg5 Kxg5 67. Rb8 f5 68. Ra8 Re3 69. Kg2 Kf4 70. Ra4+ Re4 71. Ra2 Re3 72. Ra4+ Kg5 73. Ra8 Rg3+ 74. Kh2 Rd3 75. Kg2 Kf4 76. Ra4+ Ke3 77. Rxh4 f4 78. Rh8 Rd2+ 79. Kg1 Rd1+ 80. Kh2 Rd2+ 81. Kg1 Rd1+ 82. Kh2 f3 83. Re8+ Kf2 84. h4 Kf1 85. Kg3 f2 86. Rf8 Rd3+ 87. Kg4 Kg2 88. Rxf2+ Kxf2 89. h5 Ke3 90. h6 Ke4 91. h7 Rd8 92. Kg5 Ke5 93. Kg6 Ke6 94. Kg7 Rd7+ 95. Kh6 Rd1 96. h8=Q Rh1+ 97. Kg7 1/2-1/2

[Event "Ch (juniors)"]
[Site "Yurmala"]
[Date "1985.??.??"]
[Round "?"]
[White "Sagalchik, Gennadij"]
[Black "Smirin, Ilia"]
[Result "0-1"]
[WhiteElo "2360"]
[BlackElo "2480"]
[PlyCount "96"]
[EventDate "1985.??.??"]
[Source "www.chesslib.no"]
[SourceDate "2004.05.04"]

1. d4 c5 2. d5 Nf6 3. Nc3 g6 4. e4 d6 5. Nf3 Bg7 6. Be2 O-O 7. O-O Na6 8. Bg5 Nc7 9. a4 h6 10. Bf4 b6 11. Nd2 a6 12. Nc4 b5 13. axb5 axb5 14. Rxa8 Nxa8 15. Nxb5 Nxe4 16. Qd3 Bf5 17. Qb3 Nc7 18. Na5 Nxd5 19. Nb7 Qb6 20. Qxd5 Nf6 21. Qd2 Qxb7 22. c4 Kh7 23. Re1 Be4 24. f3 Bc6 25. Bf1 d5 26. Nc7 e6 27. cxd5 Nxd5 28. Nxd5 Bxd5 29. Be5 Bxe5 30. Rxe5 Qb4 31. Re2 Ra8 32. Qxb4 cxb4 33. Kf2 Rc8 34. Rd2 Kg7 35. Ke3 Kf6 36. Rd4 b3 37. Rd2 Rc1 38. Bb5 Rh1 39. g3 g5 40. Kd4 Ke7 41. Bc4 Bxf3 42. Bxb3 Rg1 43. Kc5 Rg2 44. Rxg2 Bxg2 45. Ba4 f5 46. b4 f4 47. b5 f3 48. b6 f2 0-1

[Event "Euskadi-ch15"]
[Site "Subijana de Alava"]
[Date "2001.04.19"]
[Round "4"]
[White "Gomez Esteban, Mario"]
[Black "Ruiz Gomez, Alejandro"]
[Result "1-0"]
[WhiteElo "2491"]
[BlackElo "2349"]
[PlyCount "49"]
[EventDate "2001.04.17"]
[Source "www.chesslib.no"]
[SourceDate "2004.05.04"]

1. d4 c5 2. d5 Nf6 3. Nc3 e6 4. e4 d6 5. Bb5+ Nbd7 6. dxe6 fxe6 7. e5 dxe5 8. Nf3 a6 9. Bc4 Qe7 10. a4 g6 11. O-O Bg7 12. Ng5 Nb8 13. Nce4 Nxe4 14. Nxe4 O-O 15. Bg5 Qc7 16. Qd6 Qc6 17. f3 b6 18. Rfd1 h6 19. Be7 Rf7 20. Qd8+ Bf8 21. Bxf8 Rxf8 22. Qe7 Rf7 23. Rd8+ Kg7 24. Qd6 Bd7 25. Qxe5+ 1-0

[Event "otb"]
[Site "otb"]
[Date "2007.01.20"]
[Round "6"]
[White "Horvath Csaba"]
[Black "Wukits Rene"]
[Result "1-0"]
[WhiteElo "2538"]
[BlackElo "2298"]
[PlyCount "69"]
[Source "www.chesslib.no"]
[SourceDate "2004.05.04"]

1. d4 c5 2. d5 Nf6 3. Nc3 g6 4. e4 d6 5. Nf3 Bg7 6. Bb5+ Bd7 7. a4 Na6 8. O-O Nc7 9. Be2 a6 10. a5 O-O 11. Bd2 Nb5 12. Bd3 Re8 13. Na4 c4 14. Bxc4 Nxe4 15. Be3 Bg4 16. h3 Bf5 17. c3 e5 18. dxe6 Bxe6 19. Bd5 Bxd5 20. Qxd5 Nf6 21. Qd3 Qe7 22. Nb6 Rad8 23. Bg5 Nc7 24. Rae1 Qf8 25. Rxe8 Qxe8 26. Re1 Qf8 27. Qc4 Ne6 28. Bxf6 Bxf6 29. Qe4 Nc5 30. Qd5 Qg7 31. Re3 h6 32. b4 Ne6 33. Qxb7 Bxc3 34. Nd5 Bd4 35. Re4 1-0

[Event "Maribor"]
[Site "Maribor"]
[Date "1980.11.??"]
[Round "10"]
[White "Knezevic, Milorad"]
[Black "Danner, Georg"]
[Result "1-0"]
[WhiteElo "2490"]
[BlackElo "2345"]
[PlyCount "133"]
[EventDate "1980.??.??"]
[Source "www.chesslib.no"]
[SourceDate "2004.05.04"]

1. d4 c5 2. d5 Nf6 3. Nc3 d6 4. e4 g6 5. Nf3 Bg7 6. Bb5+ Nfd7 7. a4 Na6 8. O-O O-O 9. Re1 Nc7 10. Bf1 Rb8 11. Nb5 Nxb5 12. axb5 a6 13. bxa6 bxa6 14. c3 Qc7 15. Ra3 Ra8 16. Bg5 Ne5 17. Nd2 h6 18. Bh4 g5 19. Bg3 a5 20. Bxe5 Bxe5 21. Nc4 Bg7 22. Qa1 Bd7 23. Nxa5 Rfb8 24. Qa2 Ra7 25. Ra1 Rba8 26. Nc4 Rxa3 27. Nxa3 Ra4 28. Qb1 Qa5 29. Qc2 Qa8 30. Re1 Qb8 31. Ra1 Qa8 32. Bd3 Ra7 33. Qc1 Ra4 34. Qd2 Ra7 35. Rc1 Qb8 36. Ra1 Qa8 37. h3 Ra4 38. Rf1 Qb8 39. Rb1 Ra7 40. Nc4 Qb3 41. Qc1 Bb5 42. Nd2 Qa4 43. Bxb5 Qxb5 44. Qf1 Qa4 45. Qd3 Rb7 46. Nc4 Qa2 47. Re1 Qa8 48. g3 Ra7 49. Kg2 Qb8 50. Qc2 Ra2 51. Rb1 Qb5 52. Ne3 Qb6 53. Nf5 e6 54. Ne3 Qb5 55. Qd2 Ra6 56. Qd1 Rb6 57. Ra1 Ra6 58. Rxa6 Qxa6 59. Qb3 Qc8 60. Qb6 Bf8 61. b4 cxb4 62. cxb4 Qc3 63. Qb5 exd5 64. exd5 Qe5 65. Qd3 Be7 66. Ng4 Qg7 67. Qe4 1-0

[Event "DEN Ch"]
[Site "Hjorring"]
[Date "1971.??.??"]
[Round "8"]
[White "Hamann, Svend"]
[Black "Petersen, Finn"]
[Result "1/2-1/2"]
[WhiteElo "2490"]
[BlackElo "2340"]
[PlyCount "108"]
[EventDate "1971.??.??"]
[Source "www.chesslib.no"]
[SourceDate "2004.05.04"]

1. d4 c5 2. d5 Nf6 3. Nf3 b5 4. Bg5 Qb6 5. Bxf6 gxf6 6. e4 Bg7 7. Nc3 b4 8. Ne2 d6 9. Nd2 f5 10. exf5 Bxf5 11. Ng3 Bg6 12. Nc4 Qc7 13. h4 h6 14. Bd3 Bxd3 15. Qxd3 Nd7 16. Nh5 Bf6 17. a3 bxa3 18. Rxa3 Kf8 19. Qe4 Rb8 20. Re3 Rb4 21. c3 Rb8 22. O-O Ne5 23. Nxf6 exf6 24. Re2 f5 25. Qf4 Nxc4 26. Qxc4 Qd8 27. Qf4 Qf6 28. Ra1 Rg8 29. f3 Rb7 30. Ra6 Rd7 31. Ra4 Kg7 32. Qe3 Rb8 33. Rf4 Rdb7 34. Qc1 h5 35. Qb1 Qg6 36. Kh2 Rb3 37. Qc1 Kh7 38. g3 R3b5 39. Rg2 Re8 40. Ra4 Rb7 41. Qf4 Re5 42. Rd2 Qf6 43. Kg2 Qh6 44. Qxh6+ Kxh6 45. Ra6 Rd7 46. Kf2 Kg7 47. c4 Re8 48. Rd3 Rb8 49. b3 Kf6 50. Re3 f4 51. gxf4 Kf5 52. Ra1 Rdb7 53. Rg1 f6 54. Rb1 Rb4 1/2-1/2

[Event "YUG-chT"]
[Site "?"]
[Date "1998.??.??"]
[Round "11"]
[White "Ilic Zoran"]
[Black "Ristic Nebojsa"]
[Result "1/2-1/2"]
[WhiteElo "2405"]
[BlackElo "2420"]
[PlyCount "67"]
[EventDate "1998.??.??"]
[Source "www.chesslib.no"]
[SourceDate "2004.05.04"]

1. d4 c5 2. d5 Nf6 3. Nf3 d6 4. Nc3 a6 5. a4 g6 6. h3 Bg7 7. e4 O-O 8. Bf4 Nbd7 9. Be2 Ne8 10. O-O Nc7 11. Qd2 Rb8 12. a5 b5 13. axb6 Rxb6 14. Na4 Rb4 15. Bd3 Nf6 16. c3 Rb8 17. Bc2 Bd7 18. Rfe1 Rb7 19. Ra2 Bb5 20. b3 c4 21. b4 Nh5 22. Be3 e5 23. dxe6 fxe6 24. Nd4 Qf6 25. Ne2 e5 26. Nb6 Nf4 27. Nxf4 exf4 28. Bd4 Qf7 29. Bxg7 Qxg7 30. Nd5 f3 31. g3 Ne6 32. Bd1 Rbf7 33. Kh2 Qe5 34. Ne3 1/2-1/2

[Event "Calviá ol (Men)"]
[Site "Mallorca"]
[Date "2004.10.29"]
[Round "14.15"]
[White "Zhao, Zong Yuan"]
[Black "Alcazar Jimenez, Victor"]
[Result "1-0"]
[WhiteElo "2410"]
[BlackElo "2412"]
[PlyCount "65"]
[EventDate "2004.10.15"]
[Source "Roberto Alvarez"]
[SourceDate "2004.10.25"]

1. d4 c5 2. d5 Nf6 3. Bg5 Ne4 4. Bf4 d6 5. f3 Nf6 6. e4 g6 7. c4 Bg7 8. Nc3 O-O 9. Qd2 Na6 10. Nge2 Nc7 11. Ng3 b5 12. Bh6 bxc4 13. Bxc4 e6 14. O-O exd5 15. exd5 Bb7 16. Rad1 Bxh6 17. Qxh6 Re8 18. Nge4 Re5 19. Qf4 Nh5 20. Qd2 Nf6 21. Nxf6+ Qxf6 22. f4 Ree8 23. f5 Qe7 24. Rf3 Qh4 25. Rf4 Qd8 26. fxg6 fxg6 27. Ne4 Re5 28. Rdf1 Kh8 29. Rf7 Bxd5 30. Bxd5 Nxd5 31. Qh6 Qg8 32. Ng5 Re7 33. Rxe7 1-0

[Event "FMDA tt"]
[Site "Buenos Aires ARG"]
[Date "1992.??.??"]
[Round "4"]
[White "Rubinetti, Jorge A"]
[Black "Giaccio, Alfredo Gustavo"]
[Result "1/2-1/2"]
[WhiteElo "2450"]
[BlackElo "2370"]
[PlyCount "81"]
[EventDate "1992.??.??"]
[Source "www.chesslib.no"]
[SourceDate "2004.05.04"]

1. d4 c5 2. d5 Nf6 3. Nc3 g6 4. e4 d6 5. Bb5+ Bd7 6. a4 Bg7 7. Nf3 O-O 8. O-O Bg4 9. Re1 Na6 10. h3 Bxf3 11. Qxf3 Nc7 12. Bf1 a6 13. Bf4 Nd7 14. Qe3 Re8 15. Bh6 Bd4 16. Qd2 b6 17. Nd1 b5 18. c3 Bh8 19. Ne3 c4 20. axb5 axb5 21. Rxa8 Qxa8 22. Nc2 Nc5 23. Nb4 Bf6 24. Bf4 N5a6 25. Nc6 Nb8 26. Nd4 Nd7 27. Be3 Qb7 28. f3 Ra8 29. Bf2 h5 30. f4 Kh7 31. Nf3 Bg7 32. Bd4 Nf6 33. Qc2 Kg8 34. b3 cxb3 35. Qxb3 Qa6 36. Bd3 Nd7 37. e5 Nc5 38. Bxc5 dxc5 39. Be4 Rd8 40. Rd1 c4 41. Qb4 1/2-1/2